Statistics for Naming Historical Countries from their native language

Click here to take the quiz!

General Stats

  • This quiz has been taken 72 times
  • The average score is 10 of 15

Answer Stats

Native LanguageEnglish% Correct
Österreich-UngarnAustria-Hungary
98%
Der Dritte ReichNazi Germany
97%
Royaume de FranceKingdom Of France
94%
Kraljevina BosnaKingdom Of Bosnia
91%
Regno D'ItaliaKingdom Of Italy
88%
Magyar KirályságKingdom Of Hungary
84%
Kraljevina HrvatskaKingdom Of Croatia
81%
Deutsches KaiserreichGerman Empire
77%
Italia fascistaFascist Italy
72%
Osmanlı ImparatorluğuOttoman Empire
70%
Βασίλειο της ΕλλάδαςKingdom Of Greece
69%
La France révolutionnaireRevolutionary France
61%
Српско царствоSerbian Empire
23%
Bosanska BanovinaBanate Of Bosnia
6%
Repubblica del Commercio VenezianoVenetian Trade Republic
6%

Score Distribution

Percentile by Number Answered

Percent of People with Each Score

Your Score History

You have not taken this quiz